000
00318nam a22001217a 4500
003
OSt
008
150321b xxu||||| |||| 00| 0 eng d
100
1
_a
Lounsbery, Royden H.
041
_a
eng
245
1
0
_a
American Postal Markings from Colonial Times to the 1850's
246
1
0
_a
The Unexhibited Exhibit
300
_a
0 pages
999
_c
1043
_d
1043